Marketing v chemickom a farmaceutickom priemysle

Guardado en:
Detalles Bibliográficos
Autor principal: Oreský, Milan, 1956-
Formato: Capítulo de libro
Lenguaje:eslovaco
Etiquetas: Agregar Etiqueta
Sin Etiquetas, Sea el primero en etiquetar este registro!

MARC

LEADER 00000naa$a2200000$$$4500
001 0128544
005 20220524130833.6
041 0 |a slo 
044 |a SK 
245 1 0 |a Marketing v chemickom a farmaceutickom priemysle  |c Milan Oreský 
100 1 |a Oreský, Milan, 1956-